000 00791nam a2200241 a 4500
001 000012422
003 DO-SdBNP
005 20240530073913.0
008 091112s1997 dr 001 f spa d
040 _aDO-SdBNP
_bspa
_cBNPHU
082 _aRD863.44
_bG795c
100 1 _aGreen, Catalina
_929125
245 1 0 _aCartas desde Nigeria /
_cCatalina Green; edición Tomás Castro Burdiéz.
260 _aSanto Domingo :
_bCorripio,
_c1997.
300 _a201 p. ;
_c23 cm.
500 _aIncluye datos biográficos de la autora en la solapa de la cubierta.
590 _aInventariado, 2019/BT
650 0 _aNovela dominicana
_9223
650 0 _aLiteratura dominicana.
_967
700 _aCastro, Tomás,
_d1959-
_eed.
_924641
910 _aValidado. Control de calidad EMS
942 _2ddc
_cLBS1
999 _c12079
_d12079